000
00295nam a2200085Ia 4500
245
0
_a
Research design : qualitative, quantitative, and mixed methods approaches
100
_a
Creswell, John w. Los Angeles, [c.2009] 3rd ed
_9
77762
942
_c
BK
008
210817s9999 xx 000 0 und d
999
_c
266840
_d
266839